Using parallel strategies to promote change: forest policy making under George W. Bush (Record no. 63747)

000 -LEADER
fixed length control field 00471pab a2200169 454500
008 - FIXED-LENGTH DATA ELEMENTS--GENERAL INFORMATION
fixed length control field 180718b2004 xxu||||| |||| 00| 0 eng d
100 ## - MAIN ENTRY--PERSONAL NAME
Personal name Vaughn, Jacqueline
245 ## - TITLE STATEMENT
Title Using parallel strategies to promote change: forest policy making under George W. Bush
260 ## - PUBLICATION, DISTRIBUTION, ETC.
Date of publication, distribution, etc. 2004
300 ## - PHYSICAL DESCRIPTION
Extent p.767-82.
362 ## - DATES OF PUBLICATION AND/OR SEQUENTIAL DESIGNATION
Dates of publication and/or sequential designation Nov
650 ## - SUBJECT ADDED ENTRY--TOPICAL TERM
Topical term or geographic name entry element Forests - United States
650 ## - SUBJECT ADDED ENTRY--TOPICAL TERM
Topical term or geographic name entry element Forests
700 ## - ADDED ENTRY--PERSONAL NAME
Personal name Cortner, Hanna
773 ## - HOST ITEM ENTRY
Main entry heading Review of Policy Research
909 ## -
-- 63747
Holdings
Withdrawn status Lost status Damaged status Not for loan Permanent Location Current Location Date acquired Serial Enumeration / chronology Barcode Date last seen Price effective from Koha item type
        Indian Institute of Public Administration Indian Institute of Public Administration 2018-07-19 Volume no: 21, Issue no: 6 AR64197 2018-07-19 2018-07-19 Articles

Powered by Koha